000 00896cam a2200277 4500
001 2255348
003 ARRUPE
005 20160407123811.0
008 700409s1969 enka 000 0 eng
010 _a 77457071
015 _aB69-29210
020 _a0416146309
040 _aDLC
_cDLC
_dDLC
050 0 0 _aPN2061
_b.G75 1969
082 0 0 _a792/.028
100 1 _aGrotowski, Jerzy,
_d1933-1999.
_923639
245 1 0 _aTowards a poor theatre;
_cedited by Eugenio Barba, with a preface by Peter Brook.
260 _aLondon,
_bMethuen,
_c1975.
300 _a218 p.
_billus.
_c22 cm.
350 _a55/-
500 _a"Texts by Jerzy Grotowski, interviews with him and other supplementary material presenting his method and training."
650 0 _aActing.
_923241
700 1 _aBarba, Eugenio,
_eed.
_923640
906 _a7
_bcbc
_corignew
_du
_encip
_f19
_gy-gencatlg
942 _2lcc
_cMONOGRAPH
999 _c124551
_d124551